Sociologia del conocimiento (El pensamiento sociologico en la historia de las ideas) / (Record no. 18210)

000 -CABECERA
fixed length control field 00736nam a22001817a 4500
003 - IDENTIFICADOR DEL NÚMERO DE CONTROL
control field AR-CdUCM
008 - DATOS DE LONGITUD FIJA--INFORMACIÓN GENERAL
fixed length control field 190513b ||||| |||| 00| 0 spa d
040 ## - FUENTE DE LA CATALOGACIÓN
Agencia/entidad que catalogó originalmente la obra MUNICIPALIDAD PROVINCIAL DEL CUSCO
Entidad que transcribió la catalogación BIBLIOTECA MUNICIPAL DEL CUSCO
082 ## - NÚMERO DE LA CLASIFICACIÓN DECIMAL DEWEY
No. de Clasificación 301.1 /
Notacion interna S78
100 ## - ENTRADA PRINCIPAL--NOMBRE DE PERSONA
Nombre Personal Stark, Werner
245 ## - MENCIÓN DE TÍTULO
Título Sociologia del conocimiento (El pensamiento sociologico en la historia de las ideas) /
300 ## - DESCRIPCIÓN FÍSICA
Nº de Páginas Extensión 476 páginas ;
Dimensiones 21 cm.
505 ## - NOTA DE CONTENIDO CON FORMATO
Nota de contenido formateada Orientación preliminar -- Los antecedentes de la sociologia del conocimiento -- La esencia de la sociología del conocimiento --La consecuencia de la sociología del conocimiento...
650 ## - PUNTO DE ACCESO ADICIONAL DE MATERIA--TÉRMINO DE MATERIA
Descriptor Sociología.
9 (RLIN) 276
650 ## - PUNTO DE ACCESO ADICIONAL DE MATERIA--TÉRMINO DE MATERIA
Descriptor Conocimiento.
9 (RLIN) 5704
942 ## - ELEMENTOS DE PUNTO DE ACCESO ADICIONAL (KOHA)
Fuente de clasificación
Tipo de item Libros-BMC
945 ## - PROCESAMIENTO DE INFORMACIÓN LOCAL (OCLC)
Catalogador wfj
Holdings
Estado de retiro (separado) Fuente de clasificación o esquema de estanterías Estado dañado Ubicación Sala donde se ubica Nombre de la colección Fecha de adquisición o compra Costo, precio normal en soles Signatura topográfica Código de Barras Última vez visto (Koha) Tipo de ítem (Koha)
No     Sala Humanidades Sala Humanidades Book Cart 2019-05-13 40.00 301.1 / S78 SH0000013233 2019-05-13 Libros-BMC

Powered by Koha